000 00567nam a2200205Ia 4500
005 20221202110123.0
008 131103s9999 xx 000 0 und d
040 _aLoreto College
041 _aEnglish
082 _a810.9
_bWYK
100 _aWykes,Alan
245 2 _aA concise survey of American Literature
_cAlan Wykes
260 _aLondon
_bArthur Barker
_c1955
300 _a200 p.
504 _aIncludes bibliographical references and index
650 _aAmerican Literature - History
651 _aAmerican Literature
850 _aLCLIB
942 _cBK
999 _c11585
_d62064